000 00513nam a2200145Ia 4500
008 140724s9999 xx 000 0 und d
050 _aTS 155
_b.L155 2012
100 _aLadislao, Bennex Reicheilda P.
245 _aInventory system and billing system of IERICHE Retail /
_cBennex Reicheilda P. Ladislao.
260 _aLas PiƱas, Philippines :
_bSouthville International School and Colleges,
_cc2012.
300 _a35 p. :
_bill. ;
_c28 cm.
521 _aInformation Technology
942 _cTH
999 _c228793
_d228793